000 00833nam a2200277Ia 4500
003 OSt
005 20221005092419.0
006 a|||||r|||| 00| 0
007 ta
008 221004b |||||||| |||| 00| 0 eng d
020 _a9780815378679 (pbk)
_cUKP 32.99
024 _a44277
037 _b9029, 12/03/2019, The Book Seller
_cTextual
040 _aCRL
_cCRL
_beng
041 _2eng
_aeng
082 _aR4, Q1,Q8
100 _aGensler Harry J. Au.
_933586
245 0 _aEthics
_b contemporary introduction
250 _a3rd
260 _aNew York
_bRoutledge USA
_c2018
300 _ax,243p.
_ccm.
490 _aRoutledge contemporary introductions to philosophy
650 _aETHICS
942 _hR4, Q1,Q8
_cTEXL
_2cc
999 _c998790
_d998790